[Event "35. Kieler Open 2023"]
[Site "Kiel"]
[Date "2023.07.29"]
[Round "2.13"]
[White "Blietschau, Volker"]
[Black "Kieselbach, Jannik"]
[Result "1/2-1/2"]
[WhiteElo "2007"]
[BlackElo "1757"]
[PlyCount "44"]
[EventDate "2023.??.??"]

1. e4 e5 2. d4 exd4 3. Qxd4 Nc6 4. Qc4 d6 5. Nc3 a6 6. Be3 Nge7 7. f4 
g6 8. Nf3 Bg7 9. O-O-O Be6 10. Nd5 O-O 11. h4 b5 12. Qd3 Nxd5 13. exd5 
Nb4 14. Qe4 Nxa2+ 15. Kb1 Bf5 16. Qxf5 gxf5 17. Kxa2 Re8 18. Bd4 c5 
19. dxc6 Bxd4 20. Nxd4 Qa5+ 21. Kb1 Re1 22. Bd3 Rae8 1/2-1/2

[Event "35. Kieler Open 2023"]
[Site "Kiel"]
[Date "2023.07.29"]
[Round "2.14"]
[White "Rohmann, Volker"]
[Black "Basey, Matthew"]
[Result "1/2-1/2"]
[WhiteElo "1745"]
[BlackElo "2002"]
[PlyCount "45"]
[EventDate "2023.??.??"]

1. d4 e6 2. Nf3 d5 3. Bf4 Nf6 4. e3 c5 5. c3 Nc6 6. Bd3 Bd6 7. Bg3 Qe7 
8. Nbd2 e5 9. dxe5 Nxe5 10. Nxe5 Bxe5 11. Bxe5 Qxe5 12. Qf3 O-O 13. O-O 
Bd7 14. Rfe1 Bc6 15. Qg3 Qe7 16. Qh4 Rfe8 17. Nf3 Rad8 18. Bc2 a5 
19. Rad1 b6 20. Qg5 h6 21. Qh4 Qb7 22. Qf4 Nh5 23. Qg4 1/2-1/2

[Event "35. Kieler Open 2023"]
[Site "Kiel"]
[Date "2023.07.29"]
[Round "2.15"]
[White "Basener, Winfried"]
[Black "Riechenberg, Maximilian"]
[Result "1/2-1/2"]
[WhiteElo "2001"]
[BlackElo "1742"]
[PlyCount "34"]
[EventDate "2023.??.??"]

1. e4 e5 2. Nf3 Nc6 3. Bb5 a6 4. Ba4 Nf6 5. d3 Bc5 6. c3 b5 7. Bb3 Ba7 
8. Qe2 d6 9. Be3 O-O 10. Nbd2 h6 11. Bxa7 Rxa7 12. h3 Ne7 13. g3 Ng6 
14. h4 Re8 15. h5 Nf8 16. Rh4 c5 17. Nh2 d5 1/2-1/2

[Event "35. Kieler Open 2023"]
[Site "Kiel"]
[Date "2023.07.29"]
[Round "2.16"]
[White "Noreisch, Reiner"]
[Black "Dittmann, Hans-Adolf"]
[Result "0-1"]
[WhiteElo "1706"]
[BlackElo "1989"]
[PlyCount "68"]
[EventDate "2023.??.??"]

1. c4 Nf6 2. Nc3 g6 3. e4 d6 4. g3 Bg7 5. Bg2 e5 6. Nge2 Nbd7 7. d3 a5 
8. Bg5 h6 9. Bd2 O-O 10. O-O Nc5 11. Qc2 c6 12. h3 Nh7 13. Be3 Ng5 
14. h4 Nge6 15. a3 a4 16. Rad1 Nd4 17. Qb1 f5 18. f4 fxe4 19. Bxd4 exd4 
20. Nxe4 Bg4 21. Rde1 Qd7 22. Kh2 Rae8 23. Ng1 Bf5 24. Nxc5 dxc5 25. Bh3 
Re3 26. Bxf5 Qxf5 27. Rxe3 dxe3 28. Re1 Bd4 29. Ne2 Qg4 30. Kg2 g5 
31. hxg5 hxg5 32. Kh2 Rf7 33. Qd1 Qf3 34. Kg1 Qf2+ 0-1

[Event "35. Kieler Open 2023"]
[Site "Kiel"]
[Date "2023.07.29"]
[Round "2.18"]
[White "Dorendorf, Mika"]
[Black "Helms, Finn"]
[Result "0-1"]
[WhiteElo "1689"]
[BlackElo "1966"]
[PlyCount "36"]
[EventDate "2023.??.??"]

1. d4 Nf6 2. c4 e6 3. Nc3 Bb4 4. e3 O-O 5. Nf3 d5 6. Qc2 Be7 7. cxd5 exd5
8. Bd3 c6 9. O-O Nbd7 10. Bd2 Re8 11. Rab1 Bd6 12. b4 Qe7 13. b5 c5
14. dxc5 Nxc5 15. Nd4 Nxd3 16. Qxd3 Qe5 17. Nf3 Qh5 18. Ne2 Bf5 0-1

[Event "35. Kieler Open 2023"]
[Site "Kiel"]
[Date "2023.07.29"]
[Round "2.19"]
[White "Braeutigam, Alexander"]
[Black "Riechenberg, Sebastian"]
[Result "1-0"]
[WhiteElo "1943"]
[BlackElo "1661"]
[PlyCount "75"]
[EventDate "2023.??.??"]

1. c4 c5 2. Nc3 Nc6 3. g3 g6 4. Bg2 Bg7 5. d3 d6 6. Rb1 Nf6 7. Nf3 O-O
8. O-O Rb8 9. a3 b6 10. Bd2 Bb7 11. b4 Nd4 12. Nxd4 cxd4 13. Nb5 Bxg2
14. Kxg2 d5 15. Bf4 Rb7 16. Be5 Nh5 17. Bxg7 Nxg7 18. c5 bxc5 19. bxc5
Qa5 20. a4 a6 21. c6 Rb6 22. Nxd4 e5 23. Rxb6 Qxb6 24. Nf3 f6 25. Qc2
Rc8 26. Rc1 Ne6 27. e4 dxe4 28. dxe4 Nd8 29. Qc4+ Kg7 30. Qd5 Rxc6
31. Qd7+ Kg8 32. Qe8+ Kg7 33. Qd7+ Kg8 34. Rd1 Ne6 35. Qe8+ Nf8
36. Rd7 Qb3 37. Rd8 Rc7 38. Qxf8# 1-0

[Event "35. Kieler Open 2023"]
[Site "Kiel"]
[Date "2023.07.29"]
[Round "2.20"]
[White "Henke, Jaron"]
[Black "Lutze, Max"]
[Result "0-1"]
[WhiteElo "1676"]
[BlackElo "1936"]
[PlyCount "44"]
[EventDate "2023.??.??"]

1. e4 c5 2. Nf3 Nc6 3. d4 cxd4 4. Nxd4 g6 5. Nc3 Bg7 6. Be3 Nf6 7. f3
O-O 8. Qd2 d5 9. exd5 Nxd5 10. Nxd5 Qxd5 11. Nxc6 Qxc6 12. O-O-O Be6
13. Kb1 Rfc8 14. Rc1 Qa4 15. a3 a5 16. Bd3 b5 17. Qe2 Rab8 18. Bd2 b4
19. Qe4 bxa3 20. Qxa4 Rxb2+ 21. Ka1 Ra2+ 22. Kb1 Rb8+ 0-1

[Event "35. Kieler Open 2023"]
[Site "Kiel"]
[Date "2023.07.30"]
[Round "3.1"]
[White "Helms, Finn"]
[Black "Browning, Alex"]
[Result "0-1"]
[WhiteElo "1966"]
[BlackElo "2341"]
[PlyCount "70"]
[EventDate "2023.??.??"]

1. e4 c5 2. Nf3 d6 3. d4 cxd4 4. Nxd4 Nf6 5. Nc3 a6 6. f3 e5 7. Nb3 Be7 8. Be3
Be6 9. Qd2 h5 10. Nd5 Nxd5 11. exd5 Bf5 12. Be2 Nd7 13. Na5 Qc7 14. c4 Bh4+ 15.
g3 Bf6 16. Rc1 e4 17. f4 Nc5 18. b4 Nd3+ 19. Bxd3 exd3 20. h4 O-O 21. O-O Rfe8
22. c5 dxc5 23. Rfe1 Qd7 24. Nc4 Qxd5 25. Nb6 Qf3 26. Nxa8 Qxg3+ 27. Qg2 Rxe3
28. Qxg3 Rxg3+ 29. Kf2 Bxh4 30. Rh1 Rh3+ 31. Kg2 Rxh1 32. Kxh1 d2 33. Rd1 Be1
34. bxc5 Bg4 35. Rxd2 Bxd2 0-1

[Event "35. Kieler Open 2023"]
[Site "Kiel"]
[Date "2023.07.30"]
[Round "3.2"]
[White "Jahncke, Giso"]
[Black "Braeutigam, Alexander"]
[Result "1/2-1/2"]
[WhiteElo "2244"]
[BlackElo "1943"]
[Annotator "HJ"]
[PlyCount "65"]
[EventDate "2023.??.??"]

1. d4 Nf6 2. c4 e6 3. g3 c5 4. d5 exd5 5. cxd5 d6 6. Nc3 g6 7. Bg2 Bg7 8. Nf3
O-O 9. O-O Re8 10. Bf4 Ne4 11. Nxe4 Rxe4 12. Nd2 Rxf4 13. gxf4 Bxb2 14. Rb1 Bg7
15. Rb3 Bh6 16. f5 Bxf5 17. Rxb7 Bc8 18. Rb3 Ba6 19. Rh3 Bg7 20. Qa4 Qd7 21.
Qh4 h6 22. Re1 Bb5 23. f4 Na6 24. Ne4 Qd8 25. Qxd8+ Rxd8 26. a3 Nc7 27. Nd2 Re8
28. Ne4 Rd8 29. Nc3 Bd7 30. Rg3 h5 31. Rc1 h4 32. Rd3 Nb5 33. Nxb5 {(=)} (33.
Nxb5 Bxb5 34. Rd2 Bd4+ 35. Kf1 Be3) 1/2-1/2

[Event "35. Kieler Open 2023"]
[Site "Kiel"]
[Date "2023.07.30"]
[Round "3.3"]
[White "Lutze, Max"]
[Black "Bach, Matthias"]
[Result "1-0"]
[WhiteElo "1936"]
[BlackElo "2215"]
[PlyCount "79"]
[EventDate "2023.??.??"]

1. e4 Nf6 2. e5 Nd5 3. c4 Nb6 4. d4 d6 5. exd6 cxd6 6. Nc3 g6 7. Be3 Bg7 8. Rc1
O-O 9. Nf3 Bg4 10. b3 e5 11. dxe5 dxe5 12. Qxd8 Rxd8 13. c5 N6d7 14. Bc4 Bxf3
15. gxf3 Nc6 16. Ne4 Nd4 17. Nd6 Nxc5 18. Nxf7 b5 19. Nxd8+ bxc4 20. Rxc4 Nd3+
21. Kd2 Nb2 22. Nb7 Nxc4+ 23. bxc4 Rc8 24. Kd3 Rc7 25. Rb1 Kf7 26. Ke4 Ke6 27.
c5 Nc6 28. Nd6 Bf8 29. Nc4 Rd7 30. h4 Be7 31. Rb3 Bd8 32. Ra3 a5 33. Rb3 Nd4
34. Rb8 Nc6 35. Ra8 Nb4 36. a3 Na2 37. Ra6+ Ke7 38. Bg5+ Ke8 39. Ra8 Nc3+ 40.
Kxe5 1-0

[Event "35. Kieler Open 2023"]
[Site "Kiel"]
[Date "2023.07.30"]
[Round "3.4"]
[White "Schaefer, Martin"]
[Black "Dreesen, Jan"]
[Result "1-0"]
[WhiteElo "1929"]
[BlackElo "2175"]
[PlyCount "47"]
[EventDate "2023.??.??"]

1. d4 d5 2. c4 e6 3. Nf3 Nf6 4. g3 Bb4+ 5. Bd2 Be7 6. Bg2 O-O 7. O-O Nbd7 8.
Qc2 c5 9. cxd5 Nxd5 10. a3 b6 11. e4 N5f6 12. Rd1 Bb7 13. Nc3 Rc8 14. Rac1 a6
15. Bf4 Qe8 16. d5 exd5 17. e5 Nh5 18. Nxd5 Nxf4 19. gxf4 c4 20. Nxe7+ Qxe7 21.
Ng5 f5 22. Bxb7 Rc7 23. Bd5+ Kh8 24. Ne6 1-0

[Event "35. Kieler Open 2023"]
[Site "Kiel"]
[Date "2023.07.30"]
[Round "3.5"]
[White "Hufendiek, Ekkehard"]
[Black "Schinkowski, Christoph"]
[Result "1-0"]
[WhiteElo "1912"]
[BlackElo "2145"]
[Annotator "HJ"]
[PlyCount "101"]
[EventDate "2023.??.??"]

1. e4 e6 2. d3 c5 3. g3 Nc6 4. Nf3 d5 5. Nbd2 g6 6. Bg2 Bg7 7. O-O Nge7 8. Re1
O-O 9. c3 b5 10. Nb3 Qb6 11. e5 Na5 12. Bg5 Nec6 13. Qd2 Nxb3 14. axb3 Re8 15.
Bf6 Bf8 16. h4 Na5 17. Qf4 Nxb3 18. h5 Nxa1 19. Nh2 h6 20. Ng4 Kh7 21. Bd8 Qxd8
22. Qxf7+ Kh8 23. Nf6 Bg7 24. Nxe8 Qd7 25. Qxg6 Nb3 26. Nd6 (26. Nf6) 26... Kg8
27. Bh3 Nd2 28. Kg2 Kf8 29. Re2 Qe7 30. Nxc8 Rxc8 31. Rxd2 Re8 32. Re2 Qf7 33.
d4 Qxg6 34. hxg6 c4 35. f4 Ke7 36. g4 b4 37. f5 a5 38. f6+ Bxf6 39. exf6+ Kxf6
40. g5+ hxg5 41. g7 Kxg7 42. Rxe6 Rxe6 43. Bxe6 a4 44. Bxd5 a3 45. bxa3 bxc3
46. Be4 Kf6 47. a4 Ke7 48. a5 Kd6 49. a6 c2 50. Bxc2 Kc7 51. d5 1-0

[Event "35. Kieler Open 2023"]
[Site "Kiel"]
[Date "2023.07.30"]
[Round "3.6"]
[White "Betsakos, Konstantinos"]
[Black "Hubert, Charlotte"]
[Result "1-0"]
[WhiteElo "2110"]
[BlackElo "1897"]
[PlyCount "43"]
[EventDate "2023.??.??"]

1. d4 Nf6 2. c4 e6 3. g3 d5 4. Bg2 Be7 5. Nf3 O-O 6. O-O dxc4 7. Ne5 c5 8. dxc5
Qc7 9. Nxc4 Qxc5 10. b3 Rd8 11. Qe1 Qh5 12. Qa5 Rd5 13. Qc7 Nc6 14. Nc3 Rd7 15.
Qf4 Nd4 16. Be3 Ng4 17. h3 Nxe3 18. fxe3 Bg5 19. Qf2 Nc2 20. Rac1 Nb4 21. Ne5
Rd2 22. g4 1-0

[Event "35. Kieler Open 2023"]
[Site "Kiel"]
[Date "2023.07.30"]
[Round "3.8"]
[White "Horn, Peter"]
[Black "Pirtac, Alexandru"]
[Result "1/2-1/2"]
[WhiteElo "2085"]
[BlackElo "1848"]
[PlyCount "86"]
[EventDate "2023.??.??"]

1. Nf3 Nf6 2. g3 d5 3. Bg2 c5 4. O-O Nc6 5. d4 Bg4 6. Ne5 e6 7. Nxg4 Nxg4 8. e4
Nf6 9. exd5 Nxd5 10. c4 Nb6 11. d5 Nd4 12. dxe6 Nxe6 13. Bxb7 Qxd1 14. Rxd1 Rb8
15. Bc6+ Ke7 16. Be3 Nxc4 17. Rd7+ Kf6 18. Rxa7 Nxe3 19. fxe3 Rxb2 20. Nc3 Kg6
21. Rf1 f6 22. Rf2 Rxf2 23. Kxf2 Bd6 24. Nb5 Be5 25. a4 c4 26. Bd5 c3 27. Nxc3
Bxc3 28. Bxe6 Rd8 29. Bd7 Rb8 30. Bb5 Rd8 31. Kf3 Rd5 32. h4 Rc5 33. Bd3+ Kh6
34. g4 g6 35. h5 Ra5 36. Rc7 Be5 37. Rc4 gxh5 38. gxh5 Kxh5 39. Bxh7 Kh6 40.
Bc2 Kg7 41. Rh4 Kf7 42. Bd3 Ke6 43. Bb5 Ra7 1/2-1/2

[Event "35. Kieler Open 2023"]
[Site "Kiel"]
[Date "2023.07.30"]
[Round "3.9"]
[White "Braeutigam, Katerina"]
[Black "Wunder, Niklas"]
[Result "1/2-1/2"]
[WhiteElo "1884"]
[BlackElo "2070"]
[PlyCount "79"]
[EventDate "2023.??.??"]

1. e4 e5 2. Nf3 Nc6 3. Bb5 Nf6 4. d3 Bc5 5. O-O Nd4 6. Nxd4 Bxd4 7. c3 Bb6 8.
Bg5 h6 9. Bh4 c6 10. Ba4 d6 11. Kh1 Be6 12. f3 g5 13. Be1 d5 14. Bb3 Qe7 15.
Bg3 Bc7 16. exd5 Nxd5 17. Re1 Nf4 18. Bxf4 gxf4 19. Bxe6 Qxe6 20. d4 O-O-O 21.
Qa4 Kb8 22. dxe5 Bxe5 23. Qc2 Qg6 24. Re4 Rd5 25. Nd2 Rhd8 26. Nf1 Bc7 27. Rae1
Bb6 28. c4 R5d7 29. Qe2 Be3 30. Nxe3 Rd2 31. Qf1 fxe3 32. R1xe3 Rxb2 33. Re2
Rxe2 34. Qxe2 a6 35. h3 Qg5 36. Re8 Qc1+ 37. Kh2 Qf4+ 38. Kh1 Qc1+ 39. Kh2 Qf4+
40. Kh1 1/2-1/2

[Event "35. Kieler Open 2023"]
[Site "Kiel"]
[Date "2023.07.30"]
[Round "3.11"]
[White "Popvasilev, Kaloyan"]
[Black "Knudt, Justus"]
[Result "1-0"]
[WhiteElo "2203"]
[BlackElo "1842"]
[PlyCount "39"]
[EventDate "2023.??.??"]

1. e4 c6 2. d4 d5 3. f3 e6 4. Nc3 Nf6 5. Be3 Be7 6. e5 Nfd7 7. f4 c5 8. Qg4 g6
9. Nf3 Nc6 10. h4 h5 11. Qh3 Qb6 12. O-O-O cxd4 13. Nxd4 Nxd4 14. Bxd4 Qa5 15.
g4 hxg4 16. Qxg4 Nb6 17. Bb5+ Bd7 18. Bxb6 axb6 19. Bxd7+ Kxd7 20. Rxd5+ 1-0

[Event "35. Kieler Open 2023"]
[Site "Kiel"]
[Date "2023.07.30"]
[Round "3.12"]
[White "Boehme, Arne"]
[Black "Stegert, Jonas"]
[Result "1/2-1/2"]
[WhiteElo "2153"]
[BlackElo "1832"]
[PlyCount "40"]
[EventDate "2023.??.??"]

1. e4 e5 2. Nf3 Nf6 3. Nxe5 d6 4. Nf3 Nxe4 5. d4 d5 6. Bd3 Bd6 7. O-O O-O 8. c4
c6 9. Nc3 Nxc3 10. bxc3 dxc4 11. Bxc4 Bf5 12. a4 Nd7 13. a5 b5 14. axb6 axb6
15. Rxa8 Qxa8 16. Nh4 Bb1 17. Re1 Re8 18. Bd2 Rxe1+ 19. Bxe1 Ba2 20. Bxa2 Qxa2
1/2-1/2

[Event "35. Kieler Open 2023"]
[Site "Kiel"]
[Date "2023.07.30"]
[Round "3.13"]
[White "Forster, Lukas"]
[Black "Bendixen, Matthes"]
[Result "1/2-1/2"]
[WhiteElo "2053"]
[BlackElo "1798"]
[PlyCount "128"]
[EventDate "2023.??.??"]

1. e4 c6 2. d4 d5 3. e5 c5 4. c3 Nc6 5. Be2 cxd4 6. cxd4 Bf5 7. Nf3 e6 8. O-O
Qb6 9. Nc3 Be7 10. a3 f6 11. b4 fxe5 12. dxe5 Rd8 13. Bb2 Nh6 14. Rc1 Rd7 15.
Na4 Qd8 16. Nc5 Bxc5 17. Rxc5 O-O 18. b5 Nb8 19. Nd4 Qe7 20. Qc1 Bg4 21. f3 Bh5
22. Bd3 Bg6 23. Bxg6 hxg6 24. Qc3 Nf5 25. Rc1 b6 26. Rc8 Nxd4 27. Qxd4 Rxc8 28.
Rxc8+ Rd8 29. Qc3 Nd7 30. Qc7 Rxc8 31. Qxc8+ Kh7 32. Qc6 Nc5 33. Bd4 Nd3 34.
Qc3 Nf4 35. Qe3 g5 36. g3 Ng6 37. Qc3 Qf7 38. Qd3 Qc7 39. Qc3 Qf7 40. Qd3 Qc7
41. Kg2 Qf7 42. a4 Kg8 43. Qc2 Nf8 44. Be3 Qe7 45. Qc6 Qa3 46. Bxg5 Qb2+ 47.
Kh3 Qxe5 48. Qc1 Qd6 49. Qf4 Qxf4 50. Bxf4 Nd7 51. Be3 e5 52. f4 d4 53. Bf2 d3
54. Be3 Nc5 55. Kg2 exf4 56. Bxf4 Nxa4 57. Kf3 Nc3 58. Ke3 Nxb5 59. Kxd3 Kf7
60. Kc4 a6 61. Be3 Nd6+ 62. Kd5 Nc8 63. Kc6 Ke6 64. Kb7 Nd6+ 1/2-1/2

[Event "35. Kieler Open 2023"]
[Site "Kiel"]
[Date "2023.07.30"]
[Round "3.14"]
[White "Riechenberg, Maximilian"]
[Black "Blietschau, Volker"]
[Result "1/2-1/2"]
[WhiteElo "1742"]
[BlackElo "2007"]
[PlyCount "86"]
[EventDate "2023.??.??"]

1. e4 d5 2. exd5 Qxd5 3. Nc3 Qa5 4. d4 c6 5. Bd3 Nf6 6. Bf4 Bg4 7. f3 Bh5 8.
Nge2 Nbd7 9. O-O e6 10. Re1 Be7 11. Ng3 O-O 12. Kh1 Rad8 13. a3 Bg6 14. Bxg6
hxg6 15. Nge4 Qf5 16. Qd2 Nb6 17. Ng3 Qa5 18. Re5 Qa6 19. b3 Rd7 20. Nce2 Rfd8
21. Ra5 Rxd4 22. Nxd4 Rxd4 23. Qe1 Rxf4 24. Rxa6 bxa6 25. Qe5 Rh4 26. Qb8+ Kh7
27. Ne4 Nfd7 28. Qe8 Bf6 29. Nxf6+ Nxf6 30. Qxf7 e5 31. h3 Rd4 32. Qxa7 Nbd5
33. Re1 Rd2 34. Rxe5 Rxc2 35. Qf7 Nf4 36. Re7 N6h5 37. Kg1 Rxg2+ 38. Kf1 Ng3+
39. Ke1 Nf5 40. Re8 Rg1+ 41. Kd2 Rg2+ 42. Kc3 Nd5+ 43. Kd3 Nf4+ 1/2-1/2

[Event "35. Kieler Open 2023"]
[Site "Kiel"]
[Date "2023.07.30"]
[Round "3.15"]
[White "Basey, Matthew"]
[Black "Rahtkens, Kay"]
[Result "1/2-1/2"]
[WhiteElo "2002"]
[BlackElo "1759"]
[PlyCount "45"]
[EventDate "2023.??.??"]

1. d4 d5 2. Nf3 Nf6 3. g3 g6 4. Bg2 Bg7 5. O-O O-O 6. Be3 Re8 7. c4 c6 8. Qc1
Nbd7 9. cxd5 cxd5 10. Bh6 e5 11. Bxg7 Kxg7 12. dxe5 Nxe5 13. Nc3 Nxf3+ 14. Bxf3
Be6 15. Rd1 Qa5 16. Rd4 Rad8 17. Qd2 Rd7 18. Rd1 Red8 19. Qe3 b5 20. a3 Qb6 21.
Qe5 Re8 22. Qg5 h6 23. Qd2 1/2-1/2

[Event "35. Kieler Open 2023"]
[Site "Kiel"]
[Date "2023.07.30"]
[Round "3.16"]
[White "Kieselbach, Jannik"]
[Black "Basener, Winfried"]
[Result "1/2-1/2"]
[WhiteElo "1757"]
[BlackElo "2001"]
[PlyCount "54"]
[EventDate "2023.??.??"]

1. e4 e6 2. d4 d5 3. Nd2 Nf6 4. e5 Nfd7 5. c3 c5 6. Bd3 Nc6 7. Ne2 cxd4 8. cxd4
f6 9. exf6 Nxf6 10. O-O Bd6 11. Nf3 O-O 12. Bg5 Qc7 13. Qc2 Nb4 14. Qxc7 Bxc7
15. Bb1 Nc6 16. Bd3 Ng4 17. Ng3 Bd7 18. h3 Nf6 19. a3 Bd6 20. Bd2 g6 21. Rfe1
Kg7 22. Re2 Ne8 23. Bc3 Nc7 24. Nf1 a5 25. b3 b5 26. Bb2 Rfc8 27. Ne3 Nd8
1/2-1/2

[Event "35. Kieler Open 2023"]
[Site "Kiel"]
[Date "2023.07.30"]
[Round "3.18"]
[White "Schalla, Dieter"]
[Black "Rohmann, Volker"]
[Result "1-0"]
[WhiteElo "1931"]
[BlackElo "1745"]
[PlyCount "120"]
[EventDate "2023.??.??"]

1. c4 c5 2. g3 Nc6 3. Bg2 g6 4. e3 Bg7 5. Ne2 e6 6. O-O Nge7 7. d4 cxd4 8. exd4
d5 9. cxd5 Nxd5 10. Nbc3 Nce7 11. Nxd5 Nxd5 12. Nc3 O-O 13. Qb3 Bxd4 14. Nxd5
exd5 15. Rd1 Qb6 16. Qxb6 Bxb6 17. Bxd5 Bf5 18. Bxb7 Rab8 19. Bf3 Rbc8 20. Bh6
Rfd8 21. Rxd8+ Rxd8 22. Re1 Be6 23. b3 Ba5 24. Rc1 Bb6 25. Kg2 f6 26. h4 Kf7
27. Bf4 Ke7 28. Rc2 Kf7 29. Be3 Bxe3 30. fxe3 Ke7 31. Kf2 h6 32. Ke2 g5 33.
hxg5 hxg5 34. Rc6 Rd6 35. Rc7+ Rd7 36. Rc5 Kd6 37. Rc6+ Ke7 38. Ra6 Rc7 39. e4
Kd7 40. Kd3 Ke7 41. Kd4 Bh3 42. Be2 Rd7+ 43. Kc5 Bg2 44. Ra4 Rc7+ 45. Kd4 Bh3
46. Ra5 Be6 47. Bc4 Bg4 48. b4 Bh3 49. Bd3 Be6 50. a4 Rd7+ 51. Ke3 Rc7 52. b5
Kd6 53. Ra6+ Ke5 54. b6 axb6 55. Rxb6 Rc1 56. Rb5+ Kd6 57. a5 Ra1 58. Rb6+ Ke5
59. a6 Ra3 60. Rc6 Bd7 1-0

[Event "35. Kieler Open 2023"]
[Site "Kiel"]
[Date "2023.07.30"]
[Round "3.20"]
[White "Kieselbach, Marvin"]
[Black "Haertel, Leon"]
[Result "1-0"]
[WhiteElo "1870"]
[BlackElo "1367"]
[PlyCount "79"]
[EventDate "2023.??.??"]

1. d4 d5 2. Nf3 Nf6 3. c4 e6 4. g3 Be7 5. Bg2 O-O 6. O-O dxc4 7. Qc2 Nbd7 8.
Qxc4 Nb6 9. Qc2 c6 10. Rd1 Bd7 11. e4 Rc8 12. Nc3 c5 13. d5 exd5 14. exd5 Bd6
15. Bg5 h6 16. Ne4 Bf5 17. Nxf6+ gxf6 18. Qxf5 fxg5 19. Nd2 Qd7 20. Qf6 Be7 21.
Qxh6 f5 22. Nf3 g4 23. Qg6+ Kh8 24. Ne5 Qe8 25. d6 Bf6 26. Qxe8 Rfxe8 27. d7
Bxe5 28. dxc8=Q Rxc8 29. Bxb7 Rc7 30. Bd5 Bxb2 31. Rab1 Bd4 32. Be6 Re7 33.
Bxf5 Re2 34. Rxd4 cxd4 35. Rd1 Rxa2 36. Rxd4 a5 37. Bxg4 a4 38. Be6 Ra1+ 39.
Kg2 a3 40. Rb4 1-0

[Event "35. Kieler Open 2023"]
[Site "Kiel"]
[Date "2023.07.30"]
[Round "3.21"]
[White "Schiller, Thomas"]
[Black "Gombert, Reiner"]
[Result "1-0"]
[WhiteElo "1690"]
[BlackElo "1865"]
[PlyCount "61"]
[EventDate "2023.??.??"]

1. e4 c5 2. c3 e6 3. d4 d5 4. e5 Qb6 5. Nf3 Bd7 6. Bd3 Bb5 7. O-O Bxd3 8. Qxd3
Nc6 9. dxc5 Bxc5 10. b4 Bf8 11. Re1 Rc8 12. Na3 Nge7 13. h4 h5 14. Bg5 Nf5 15.
Nb5 a6 16. Nd6+ Nxd6 17. exd6 Bxd6 18. Qxd5 Be7 19. Bxe7 Nxe7 20. Qe5 Qc7 21.
Qxg7 Qxc3 22. Ne5 Rf8 23. Rad1 Ng6 24. Re3 Qb2 25. Qf6 Nxe5 26. Rxe5 Qxb4 27.
Rxe6+ fxe6 28. Qxe6+ Qe7 29. Qxc8+ Kf7 30. Qf5+ Kg7 31. Qxh5 1-0

[Event "35. Kieler Open 2023"]
[Site "Kiel"]
[Date "2023.07.30"]
[Round "4.1"]
[White "Browning, Alex"]
[Black "Dittmann, Hans-Adolf"]
[Result "1-0"]
[WhiteElo "2341"]
[BlackElo "1989"]
[PlyCount "75"]
[EventDate "2023.??.??"]

1. e4 c5 2. Nf3 d6 3. d4 cxd4 4. Nxd4 Nf6 5. Nc3 a6 6. h3 e5 7. Nde2 Be6 8. g4
Nbd7 9. Bg2 Nb6 10. a4 Rc8 11. O-O Be7 12. Ng3 g6 13. Nd5 Nfxd5 14. exd5 Bd7
15. b3 O-O 16. Bh6 Re8 17. Qd2 Bf8 18. a5 Na8 19. Ne4 Be7 20. Ng3 f5 21. gxf5
gxf5 22. c4 Kh8 23. f4 Rg8 24. Qe3 Rg6 25. fxe5 dxe5 26. Kh1 f4 27. Qxe5+ Bf6
28. Qxf4 Bxa1 29. Rxa1 Qf6 30. Qxf6+ Rxf6 31. Be3 Rg6 32. Ne4 Rf8 33. Re1 Kg8
34. Bc5 Rc8 35. Bb4 Re8 36. Rf1 Kg7 37. Bc3+ Kh6 38. Rf4 1-0

[Event "35. Kieler Open 2023"]
[Site "Kiel"]
[Date "2023.07.30"]
[Round "4.2"]
[White "Lutze, Max"]
[Black "Betsakos, Konstantinos"]
[Result "0-1"]
[WhiteElo "1936"]
[BlackElo "2110"]
[Annotator "HJ"]
[PlyCount "76"]
[EventDate "2023.??.??"]

1. Nf3 Nf6 2. c4 e6 3. g3 d5 4. Bg2 Be7 5. O-O O-O 6. d4 c6 7. Nbd2 b6 8. Qc2
c5 9. cxd5 exd5 10. dxc5 bxc5 11. Ne5 Qc7 12. Ndf3 Bd6 13. Nd3 Nc6 14. Bf4 Bxf4
15. Nxf4 Nb4 16. Qb3 Bf5 17. a3 Nc2 18. Rac1 Rab8 19. Qa2 c4 20. Nh4 Qe5 21.
Rb1 (21. Nxf5 Rxb2 22. Ne7+ Kh8 23. Nc6 Qc3 24. Qa1 Qb3 25. Rxc2 $16) 21... Be4
22. f3 Bg6 23. Nhxg6 hxg6 24. b3 Qd4+ 25. Kh1 cxb3 26. Qb2 (26. Rxb3) 26... Qc5
(26... Qxb2 27. Rxb2 Nxa3 $19) 27. e4 Nxa3 28. Nd3 Qe7 29. Rbc1 Nc4 30. Qc3 Qd6
31. Rfe1 Rfc8 32. Bh3 d4 33. Qa1 Rc6 34. Nb2 Ne5 35. Rcd1 Rc2 36. Bg2 Qc6 37.
Rb1 Nc4 38. Red1 Nxb2 0-1

[Event "35. Kieler Open 2023"]
[Site "Kiel"]
[Date "2023.07.30"]
[Round "4.3"]
[White "Saglam, Buelent"]
[Black "Schaefer, Martin"]
[Result "1-0"]
[WhiteElo "2109"]
[BlackElo "1929"]
[PlyCount "57"]
[EventDate "2023.??.??"]

1. e4 c5 2. Nf3 e6 3. c4 d5 4. exd5 exd5 5. d4 cxd4 6. cxd5 Qxd5 7. Qxd4 Qxd4
8. Nxd4 a6 9. Bd3 Bc5 10. Nf5 Kf8 11. O-O g6 12. Be3 Bxe3 13. Nxe3 Be6 14. Be4
Ra7 15. Nd5 b5 16. Nbc3 Nd7 17. a4 Nc5 18. Bf3 bxa4 19. Nxa4 Nb3 20. Rad1 Kg7
21. Rd3 Nf6 22. Nxf6 Kxf6 23. Bd5 Rd8 24. Rf3+ Kg7 25. Bxb3 Bg4 26. Re3 Rd2 27.
h3 Bc8 28. Rc1 Bf5 29. Rd1 1-0

[Event "35. Kieler Open 2023"]
[Site "Kiel"]
[Date "2023.07.30"]
[Round "4.4"]
[White "Jahncke, Giso"]
[Black "Hufendiek, Ekkehard"]
[Result "1-0"]
[WhiteElo "2244"]
[BlackElo "1912"]
[PlyCount "71"]
[EventDate "2023.??.??"]

1. d4 Nf6 2. c4 e6 3. g3 d5 4. Bg2 dxc4 5. Nf3 Nc6 6. Qa4 Be7 7. Qxc4 Qd5 8.
Nbd2 O-O 9. O-O Rd8 10. e3 Ne4 11. Qe2 Nxd2 12. Bxd2 Qh5 13. h3 e5 14. g4 Bxg4
15. hxg4 Qxg4 16. Rfe1 Rd6 17. Nxe5 Nxe5 18. dxe5 Qxe2 19. Rxe2 Rd7 20. Bc3
Rad8 21. Bxb7 c5 22. Be4 g6 23. Ree1 h5 24. Kf1 Bf8 25. Ke2 Re7 26. Rad1 Rde8
27. Bc6 Rc8 28. Bd5 Bg7 29. f4 Kh7 30. Kf3 Rf8 31. Rg1 f6 32. e6 g5 33. f5 g4+
34. Ke2 Rb8 35. Rh1 Kh6 36. e4 1-0

[Event "35. Kieler Open 2023"]
[Site "Kiel"]
[Date "2023.07.30"]
[Round "4.5"]
[White "Pirtac, Alexandru"]
[Black "Popvasilev, Kaloyan"]
[Result "0-1"]
[WhiteElo "1848"]
[BlackElo "2203"]
[PlyCount "36"]
[EventDate "2023.??.??"]

1. e4 c5 2. Nf3 d6 3. d4 Nf6 4. Nc3 cxd4 5. Nxd4 Nc6 6. f3 e5 7. Nb3 Be7 8. Be3
O-O 9. Qd2 a5 10. a4 Nb4 11. Bc4 Qc7 12. Be2 Be6 13. g4 d5 14. exd5 Nfxd5 15.
h4 Nxe3 16. Rc1 Ng2+ 17. Kf1 Rfd8 18. Bd3 Nf4 0-1

[Event "35. Kieler Open 2023"]
[Site "Kiel"]
[Date "2023.07.30"]
[Time "18:00:00"]
[Round "4.6"]
[White "Schalla, Dieter"]
[Black "Horn, Peter"]
[Result "1/2-1/2"]
[Annotator "PH"]
[PlyCount "52"]
[WhiteElo "1931"]
[BlackElo "2085"]

1. c4 e6 2. g3 d5 3. b3 Nf6 4. Bg2 Be7 5. Bb2 O-O 6. Nf3 c5
7. e3 Nc6 8. cxd5 Nxd5 9. d4 cxd4 10. Nxd4 Nxd4 11. Bxd4 Bd7 12. O-O Bc6 13.
Nc3 Nxc3 14. Bxc3 Rc8 15. Bd4 Qa5 16. Qg4 e5 17. Bxc6 Rxc6 18. Bb2 f5 19. Qe2
Bf6 20. Rfd1 Rd8 21. Rxd8+ Qxd8 22. Qb5 Qe7 23. Qd5+ Qe6 24. Qxe6+ Rxe6 25. Rc1
Re7 26. Kf1 Kf7 1/2-1/2

[Event "35. Kieler Open 2023"]
[Site "Kiel"]
[Date "2023.07.30"]
[Round "4.7"]
[White "Wunder, Niklas"]
[Black "Fenner, Martin"]
[Result "1-0"]
[WhiteElo "2070"]
[BlackElo "1888"]
[PlyCount "69"]
[EventDate "2023.??.??"]

1. d4 Nf6 2. c4 g6 3. Nc3 d5 4. Nf3 Bg7 5. Qb3 dxc4 6. Qxc4 a6 7. e4 b5 8. Qb3
Bb7 9. e5 Nd5 10. Be2 O-O 11. O-O e6 12. Bg5 Qc8 13. Ne4 Nd7 14. Rac1 h6 15.
Nd6 cxd6 16. Rxc8 Raxc8 17. Bd2 dxe5 18. Nxe5 Nxe5 19. dxe5 g5 20. h4 Nf4 21.
Bf3 Bxf3 22. Qxf3 Bxe5 23. hxg5 hxg5 24. Qg4 Ng6 25. b3 Rc2 26. Bxg5 Rxa2 27.
Qe4 Rc8 28. Rd1 Rcc2 29. Be3 Kg7 30. g3 Rcb2 31. Rd7 Rxb3 32. Qf3 Rb1+ 33. Kg2
Nh8 34. Qg4+ Kf8 35. Bc5+ 1-0